<?xml version="1.0" encoding="UTF-8"?>
<marc:record xmlns:marc="http://www.loc.gov/MARC21/slim" type="Bibliographic">
   <marc:leader>00000nam a2200000 c 4500</marc:leader>
   <marc:controlfield tag="001">931444470</marc:controlfield>
   <marc:controlfield tag="003">DE-101</marc:controlfield>
   <marc:controlfield tag="005">20171202184917.0</marc:controlfield>
   <marc:controlfield tag="007">tu</marc:controlfield>
   <marc:controlfield tag="008">930915s1992    gw ||||| |||| 00||||ger  </marc:controlfield>
   <marc:datafield ind1=" " ind2=" " tag="015">
      <marc:subfield code="a">93,A41,0791</marc:subfield>
      <marc:subfield code="2">dnb</marc:subfield>
   </marc:datafield>
   <marc:datafield ind1="7" ind2=" " tag="016">
      <marc:subfield code="2">DE-101</marc:subfield>
      <marc:subfield code="a">931444470</marc:subfield>
   </marc:datafield>
   <marc:datafield ind1=" " ind2=" " tag="020">
      <marc:subfield code="a">9783475527296</marc:subfield>
      <marc:subfield code="c">Pp. : DM 45.00</marc:subfield>
      <marc:subfield code="9">978-3-475-52729-6</marc:subfield>
   </marc:datafield>
   <marc:datafield ind1=" " ind2=" " tag="020">
      <marc:subfield code="a">3475527294</marc:subfield>
      <marc:subfield code="c">Pp. : DM 45.00</marc:subfield>
      <marc:subfield code="9">3-475-52729-4</marc:subfield>
   </marc:datafield>
   <marc:datafield ind1=" " ind2=" " tag="035">
      <marc:subfield code="a">(DE-599)DNB931444470</marc:subfield>
   </marc:datafield>
   <marc:datafield ind1=" " ind2=" " tag="035">
      <marc:subfield code="a">(OCoLC)75413173</marc:subfield>
   </marc:datafield>
   <marc:datafield ind1=" " ind2=" " tag="040">
      <marc:subfield code="a">1200</marc:subfield>
      <marc:subfield code="b">ger</marc:subfield>
      <marc:subfield code="c">DE-101</marc:subfield>
      <marc:subfield code="d">9999</marc:subfield>
   </marc:datafield>
   <marc:datafield ind1=" " ind2=" " tag="041">
      <marc:subfield code="a">ger</marc:subfield>
   </marc:datafield>
   <marc:datafield ind1=" " ind2=" " tag="043">
      <marc:subfield code="c">XA-AT</marc:subfield>
      <marc:subfield code="c">XA-IT</marc:subfield>
   </marc:datafield>
   <marc:datafield ind1=" " ind2=" " tag="044">
      <marc:subfield code="c">XA-DE</marc:subfield>
   </marc:datafield>
   <marc:datafield ind1=" " ind2=" " tag="084">
      <marc:subfield code="a">47</marc:subfield>
      <marc:subfield code="a">39</marc:subfield>
      <marc:subfield code="a">64</marc:subfield>
      <marc:subfield code="a">770</marc:subfield>
      <marc:subfield code="q">DE-101</marc:subfield>
      <marc:subfield code="2">sdnb</marc:subfield>
   </marc:datafield>
   <marc:datafield ind1=" " ind2=" " tag="084">
      <marc:subfield code="a">13.5p</marc:subfield>
      <marc:subfield code="a">13.5</marc:subfield>
      <marc:subfield code="a">32.1a</marc:subfield>
      <marc:subfield code="a">9.3e</marc:subfield>
      <marc:subfield code="q">DE-101</marc:subfield>
      <marc:subfield code="2">sswd</marc:subfield>
   </marc:datafield>
   <marc:datafield ind1="0" ind2="0" tag="245">
      <marc:subfield code="a">Poesie des Landlebens</marc:subfield>
      <marc:subfield code="b">Bilder und Texte aus einer geliebten Heimat</marc:subfield>
      <marc:subfield code="c">Hans Haid ; Josef Huber</marc:subfield>
   </marc:datafield>
   <marc:datafield ind1=" " ind2="1" tag="264">
      <marc:subfield code="a">Rosenheim</marc:subfield>
      <marc:subfield code="b">Rosenheimer</marc:subfield>
      <marc:subfield code="c">1992</marc:subfield>
   </marc:datafield>
   <marc:datafield ind1=" " ind2=" " tag="300">
      <marc:subfield code="a">94 S.</marc:subfield>
      <marc:subfield code="b">zahlr. Ill.</marc:subfield>
      <marc:subfield code="c">28 cm</marc:subfield>
   </marc:datafield>
   <marc:datafield ind1=" " ind2=" " tag="336">
      <marc:subfield code="a">Text</marc:subfield>
      <marc:subfield code="b">txt</marc:subfield>
      <marc:subfield code="2">rdacontent</marc:subfield>
   </marc:datafield>
   <marc:datafield ind1=" " ind2=" " tag="336">
      <marc:subfield code="a">unbewegtes Bild</marc:subfield>
      <marc:subfield code="b">sti</marc:subfield>
      <marc:subfield code="2">rdacontent</marc:subfield>
   </marc:datafield>
   <marc:datafield ind1=" " ind2=" " tag="337">
      <marc:subfield code="a">ohne Hilfsmittel zu benutzen</marc:subfield>
      <marc:subfield code="b">n</marc:subfield>
      <marc:subfield code="2">rdamedia</marc:subfield>
   </marc:datafield>
   <marc:datafield ind1=" " ind2=" " tag="338">
      <marc:subfield code="a">Band</marc:subfield>
      <marc:subfield code="b">nc</marc:subfield>
      <marc:subfield code="2">rdacarrier</marc:subfield>
   </marc:datafield>
   <marc:datafield ind1="1" ind2="7" tag="600">
      <marc:subfield code="0">(DE-588)11911528X</marc:subfield>
      <marc:subfield code="0">http://d-nb.info/gnd/11911528X</marc:subfield>
      <marc:subfield code="0">(DE-101)11911528X</marc:subfield>
      <marc:subfield code="a">Huber, Josef</marc:subfield>
      <marc:subfield code="d">1946-</marc:subfield>
      <marc:subfield code="2">gnd</marc:subfield>
   </marc:datafield>
   <marc:datafield ind1=" " ind2="7" tag="650">
      <marc:subfield code="0">(DE-588)4045895-7</marc:subfield>
      <marc:subfield code="0">http://d-nb.info/gnd/4045895-7</marc:subfield>
      <marc:subfield code="0">(DE-101)040458954</marc:subfield>
      <marc:subfield code="a">Fotografie</marc:subfield>
      <marc:subfield code="2">gnd</marc:subfield>
   </marc:datafield>
   <marc:datafield ind1=" " ind2="7" tag="650">
      <marc:subfield code="0">(DE-588)4034309-1</marc:subfield>
      <marc:subfield code="0">http://d-nb.info/gnd/4034309-1</marc:subfield>
      <marc:subfield code="0">(DE-101)04034309X</marc:subfield>
      <marc:subfield code="a">Landleben</marc:subfield>
      <marc:subfield code="2">gnd</marc:subfield>
   </marc:datafield>
   <marc:datafield ind1=" " ind2="7" tag="651">
      <marc:subfield code="0">(DE-588)4060207-2</marc:subfield>
      <marc:subfield code="0">http://d-nb.info/gnd/4060207-2</marc:subfield>
      <marc:subfield code="0">(DE-101)040602079</marc:subfield>
      <marc:subfield code="a">Tirol</marc:subfield>
      <marc:subfield code="2">gnd</marc:subfield>
   </marc:datafield>
   <marc:datafield ind1=" " ind2="7" tag="655">
      <marc:subfield code="0">(DE-588)4145395-5</marc:subfield>
      <marc:subfield code="0">http://d-nb.info/gnd/4145395-5</marc:subfield>
      <marc:subfield code="0">(DE-101)041453956</marc:subfield>
      <marc:subfield code="a">Bildband</marc:subfield>
      <marc:subfield code="2">gnd-content</marc:subfield>
   </marc:datafield>
   <marc:datafield ind1=" " ind2="7" tag="655">
      <marc:subfield code="a">Bildband</marc:subfield>
      <marc:subfield code="2">gnd</marc:subfield>
   </marc:datafield>
   <marc:datafield ind1="0" ind2="0" tag="689">
      <marc:subfield code="0">(DE-588)11911528X</marc:subfield>
      <marc:subfield code="0">http://d-nb.info/gnd/11911528X</marc:subfield>
      <marc:subfield code="0">(DE-101)11911528X</marc:subfield>
      <marc:subfield code="D">p</marc:subfield>
      <marc:subfield code="a">Huber, Josef</marc:subfield>
      <marc:subfield code="d">1946-</marc:subfield>
   </marc:datafield>
   <marc:datafield ind1="0" ind2="1" tag="689">
      <marc:subfield code="0">(DE-588)4045895-7</marc:subfield>
      <marc:subfield code="0">http://d-nb.info/gnd/4045895-7</marc:subfield>
      <marc:subfield code="0">(DE-101)040458954</marc:subfield>
      <marc:subfield code="D">s</marc:subfield>
      <marc:subfield code="a">Fotografie</marc:subfield>
   </marc:datafield>
   <marc:datafield ind1="0" ind2="2" tag="689">
      <marc:subfield code="0">(DE-588)4034309-1</marc:subfield>
      <marc:subfield code="0">http://d-nb.info/gnd/4034309-1</marc:subfield>
      <marc:subfield code="0">(DE-101)04034309X</marc:subfield>
      <marc:subfield code="D">s</marc:subfield>
      <marc:subfield code="a">Landleben</marc:subfield>
   </marc:datafield>
   <marc:datafield ind1="0" ind2="3" tag="689">
      <marc:subfield code="0">(DE-588)4060207-2</marc:subfield>
      <marc:subfield code="0">http://d-nb.info/gnd/4060207-2</marc:subfield>
      <marc:subfield code="0">(DE-101)040602079</marc:subfield>
      <marc:subfield code="D">g</marc:subfield>
      <marc:subfield code="a">Tirol</marc:subfield>
   </marc:datafield>
   <marc:datafield ind1="0" ind2="4" tag="689">
      <marc:subfield code="A">f</marc:subfield>
      <marc:subfield code="a">Bildband</marc:subfield>
   </marc:datafield>
   <marc:datafield ind1="0" ind2=" " tag="689">
      <marc:subfield code="5">DE-101</marc:subfield>
      <marc:subfield code="5">DE-101</marc:subfield>
   </marc:datafield>
   <marc:datafield ind1="1" ind2=" " tag="700">
      <marc:subfield code="0">(DE-588)119436515</marc:subfield>
      <marc:subfield code="0">http://d-nb.info/gnd/119436515</marc:subfield>
      <marc:subfield code="0">(DE-101)119436515</marc:subfield>
      <marc:subfield code="a">Haid, Hans</marc:subfield>
      <marc:subfield code="d">1938-</marc:subfield>
      <marc:subfield code="e">Mitwirkender</marc:subfield>
      <marc:subfield code="4">ctb</marc:subfield>
   </marc:datafield>
   <marc:datafield ind1="1" ind2=" " tag="700">
      <marc:subfield code="0">(DE-588)100500625</marc:subfield>
      <marc:subfield code="0">http://d-nb.info/gnd/100500625</marc:subfield>
      <marc:subfield code="0">(DE-101)100500625</marc:subfield>
      <marc:subfield code="a">Huber, Josef</marc:subfield>
      <marc:subfield code="e">Mitwirkender</marc:subfield>
      <marc:subfield code="4">ctb</marc:subfield>
   </marc:datafield>
   <marc:datafield ind1=" " ind2=" " tag="850">
      <marc:subfield code="a">DE-101a</marc:subfield>
      <marc:subfield code="a">DE-101b</marc:subfield>
   </marc:datafield>
</marc:record>
